00393nam a22001337a 450000500170000000800410001704100120005808200120007010000120008224500350009426000740012930000310020365000250023420240903061253.0240903b |||||||| |||| 00| 0 eng d aEnglish a349 NAM lEnglish aThe Namibian Law Reports 1990  aWindhoek: bLegal Assistance Centre and Juta and Company Ltd, c1990  bxlvi, 393 pages; c26 cm.  aLegal practice bLaw